| 000 | 00910nam a2200217Ii 4500 | ||
|---|---|---|---|
| 003 | JO-AjNU | ||
| 008 | 230605s9999||||xx |||||||||||||| ||und|| | ||
| 017 | _a2001/9/1821 | ||
| 040 |
_aJO-AjNU _bara _erda _cJO-AjNU |
||
| 041 | _aara | ||
| 050 | 1 | 4 | _aKMM166.3.S487.2002 |
| 100 | 3 |
_aشوشاري، صلاح الدين محمد , _eauthor _911026 |
|
| 245 | 0 | 0 | _aالوافي في شرح قانون أصول المحاكمات المدنية :النظام القضائي ، نظرية الدعوى ، الاختصاص القضائي ، إجراءات التقاضي ، الأحكام القضائية وطرق الطعن فيها |
| 250 | _aط1 | ||
| 264 | 3 | 1 | _aد، م : د ، ن ، 2001 |
| 300 | _a532ص | ||
| 336 |
_atext _btxt _2rdacontent |
||
| 337 |
_aunmediated _bn _2rdamedia |
||
| 338 |
_avolume _bnc _2rdacarrier |
||
| 650 | 4 |
_aالقانون المدني -- المحاكم -- الاردن _911027 |
|
| 999 |
_aA2110 _c5678 _d5678 |
||